000 00469nam a2200205Ia 4500
003 0100
008 130307s9999 xx 000 0 und d
020 _a0804206880
040 _cARRUPELIB
050 _aBT40.A24 1985
100 _aAllen, Diogenes
245 _aPhilosophy for understanding theology
260 _aAtlanta
260 _bJohn Knox Press
260 _cc1985.
300 _avi
300 _b287 p. 21 cm.
650 _aPHILOSOPHY
942 0 0 _01
999 _c93135
_d93135